名前に十二支の漢字が含まれる現役選手(2026) - Statistics

General Stats
  • This quiz has been taken 18 times
  • The average score is 7 of 10
Answer Stats
十二支 現所属 ポジション 選手名 % Correct
阪神 捕手 伏見寅威
94%
楽天 外野手 辰己涼介
94%
広島 内野手 辰見鴻之介
89%
DeNA 捕手 益子京右
72%
広島 投手 黒原拓未
67%
ソフトバンク 内野手 庄子雄大
61%
楽天 内野手 金子京介
61%
西武 内野手 金子功児
61%
日本ハム 投手 柴田獅子
39%
ヤクルト 内野手 根岸辰昇
28%
No matching quizzes found
Score Distribution
Percent of People with Each Score
Percentile by Number Answered
Your Score History
You have not taken this quiz